Legislación estatal del suelo / (Record no. 67427)

MARC details
000 -LEADER
campo de control de longitud fija 01035nam a2200313 i 4500
001 - NÚMERO DE CONTROL
campo de control 67427
003 - IDENTIFICADOR DE NÚMERO DE CONTROL
campo de control ES-MaACL
005 - FECHA Y HORA DE LA ÚLTIMA TRANSACCIÓN
campo de control 20250827062612.0
007 - CAMPO FIJO DE DESCRIPCIÓN FÍSICA--INFORMACIÓN GENERAL
campo de control de longitud fija t|
008 - DATOS DE LONGITUD FIJA--INFORMACIÓN GENERAL
campo de control de longitud fija 040526s2003 sp ||||0| spa d
020 ## - NÚMERO INTERNACIONAL ESTÁNDAR DEL LIBRO
Número Internacional Estándar del Libro 84-470-2015-0
080 ## - NÚMERO DE LA CLASIFICACIÓN DECIMAL UNIVERSAL
Número de la Clasificación Decimal Universal 349.41(460)"19"(094.5)
080 ## - NÚMERO DE LA CLASIFICACIÓN DECIMAL UNIVERSAL
Número de la Clasificación Decimal Universal 349.44(460)"19"(094.5)
110 1# - ENTRADA PRINCIPAL--NOMBRE DE ENTIDAD CORPORATIVA
Nombre de entidad corporativa o nombre de jurisdicción como elemento de entrada España
9 (RLIN) 3622
240 10 - TÍTULO UNIFORME
Título uniforme Leyes, etc., de urbanismo
245 10 - MENCIÓN DEL TÍTULO
Título Legislación estatal del suelo /
Mención de responsabilidad, etc. edición preparada por Julio Toledo Jáudenes.
250 ## - MENCION DE EDICION
Mención de edición 23ª ed., actualizada por la Redacción de Civitas.
260 ## - PUBLICACIÓN, DISTRIBUCIÓN, ETC.
Lugar de publicación, distribución, etc. Madrid :
Nombre del editor, distribuidor, etc. Civitas,
Fecha de publicación, distribución, etc. 2003.
300 ## - DESCRIPCIÓN FÍSICA
Extensión 592 p. ;
Dimensiones 17 cm.
490 1# - MENCIÓN DE SERIE
Mención de serie Biblioteca de legislación ;
Designación de volumen o secuencia 25
500 ## - NOTA GENERAL
Nota general "Thomson"
500 ## - NOTA GENERAL
Nota general Índice.
650 ## - PUNTO DE ACCESO ADICIONAL DE MATERIA--TÉRMINO DE MATERIA
Término de materia o nombre geográfico como elemento de entrada Derecho urbanístico-
Subdivisión geográfica España.
9 (RLIN) 145987
700 1# - ENTRADA AGREGADA--NOMBRE PERSONAL
Nombre de persona Toledo Jáudenes, Julio.
9 (RLIN) 110455
830 1# - PUNTO DE ACCESO ADICIONAL DE SERIE-TÍTULO UNIFORME
Título uniforme Biblioteca de legislación ;
Designación de volumen o secuencia 25
9 (RLIN) 177899
852 4# - LOCALIZACIÓN
Ubicación ES-MaACL
Número de control de estantería A-15307
itemnumber 69943
Ubicación en estantería Depósito 1
Signatura antigua Olim: L 349.41(460)"2003" ESP
-- Olim: Meseton
942 ## - ELEMENTOS DE ENTRADA SECUNDARIOS (KOHA)
Fuente del sistema de clasificación o colocación Clasificación decimal universal
Holdings
Estatus retirado Estado de pérdida Fuente del sistema de clasificación o colocación Estado de daño No para préstamo Biblioteca de origen Biblioteca actual Ubicación en estantería Fecha de adquisición Total de préstamos Signatura topográfica completa Código de barras Visto por última vez Precio de reemplazo Tipo de ítem Koha
    Clasificación decimal universal     Biblioteca del Ateneo de Madrid Biblioteca del Ateneo de Madrid Depósito 1 17/01/2008   A-15307 1070608 23/02/2023 23/02/2023 Libro impreso